000
00230nam a22000857a 4500
008
161021b xxu||||| |||| 00| 0 eng d
100
_9
914
_a
Orton.H.F.
245
_a
Mystery of the Hidden Book
260
_a
Newyork
_b
J.B. Publications
_c
1953
999
_c
3569
_d
3569